000 00514nam a2200193Ia 4500
999 _c19950
_d19950
003 OSt
005 20211018105848.0
008 160316s1998 xxu||||| |||| 00| 0 eng d
040 _cn
082 _a398.000000
_bHAN
100 _aHandoo Jawaharlal
245 _aFolklore in Modern India
260 _aMysore
_bCentral Institutue of Indian Languages
_c1998
300 _a232p
365 _bRs.280
650 _a1. Folklore - Modern India2. Folklore - Status - Modern India
700 _a
_a
942 _2ddc
_cBK